000 00235nam a2200097Ia 4500
001 848095
005 20250826173412.0
008 250824s9999 xx 000 0 und d
245 0 _aHALİME KAPTAN
_cRIFAT ILGAZ
260 _bÇINAR YAYINLARI
999 _c848095
_d848095